Estatuto Administrativo: D.F.L. 338, de 1960

Bewaard in:
Bibliografische gegevens
Coauteur: Contraloría General de la República (Auteur)
Formaat: Boek
Taal:Spaans
Gepubliceerd in: Santiago Contraloría General de la República 1972
Reeks:Publicaciones
Onderwerpen:
Tags: Voeg label toe
Geen labels, Wees de eerste die dit record labelt!

MARC

LEADER 00000nam a2200000 a 4500
001 UCS0354
003 CL-VaPUC
008 970418e19720000CL |||||||||||||||||spa|d
082 0 4 |a 342.06  |b CON  |2 21 
110 2 |a Contraloría General de la República  |e author  |9 383710 
245 1 0 |a Estatuto Administrativo: D.F.L. 338, de 1960 
300 |a 160 p 
942 |c BK 
945 |d 19970418 00:00:00  |a lriquelm 
260 |a Santiago  |b Contraloría General de la República  |c 1972 
650 0 |a Derecho administrativo  |9 254851 
650 0 |a Administración pública   |9 255343 
650 7 |a EMPLEADOS PUBLICOS  |2 CL-VaPUC  |9 256133 
651 7 |a CHILE  |2 CL-VaPUC  |9 383711 
583 |a last modification  |c 19970418 00:00:00  |k Rodrigo Vera 
490 0 |a Publicaciones 
999 |c 258586  |d 258584 
952 |0 0  |1 0  |4 0  |6 342_060000000000000_CON_1972  |7 0  |8 A  |9 282796  |a BIBDER  |b BIBDER  |d 2019-11-19  |i 1834436  |o 342.06 CON 1972  |p 1834436  |r 2023-01-25  |w 2019-11-19  |y BK  |k DER